Education in computer age / (Record no. 81078)
[ view plain ]
| 000 -LEADER | |
|---|---|
| fixed length control field | 00622nam a22001937a 4500 |
| 005 - DATE AND TIME OF LATEST TRANSACTION | |
| control field | 20140224144402.0 |
| 010 ## - LCCN (DPL NO) | |
| LC control number | ENG-108744 |
| 020 ## - INTERNATIONAL STANDARD BOOK NUMBER | |
| Terms of availability | 495.00 |
| International Standard Book Number | 9788192426532 |
| 035 ## - SYSTEM CONTROL NUMBER | |
| System control number | EN-92277 |
| 037 ## - SOURCE OF ACQUISITION | |
| Source of stock number/acquisition | DBAD/PUB |
| 082 ## - DEWEY DECIMAL CLASSIFICATION NUMBER | |
| Classification number | 371.334 |
| 100 ## - MAIN ENTRY--PERSONAL NAME | |
| Personal name | Singh, U. K. |
| 245 ## - TITLE STATEMENT | |
| Title | Education in computer age / |
| Statement of responsibility, etc | by U. K. Singh |
| 260 ## - PUBLICATION, DISTRIBUTION, ETC. (IMPRINT) | |
| Place of publication, distribution, etc | New Delhi |
| Name of publisher, distributor, etc | Gaurav Book Distributors |
| Date of publication, distribution, etc | 2013 |
| 270 ## - ADDRESS | |
| Address | H No. 45,Ground floor, Shivaji Marg, Gali No. 5, Kartar Nagar |
| City | Delhi |
| Postal code | 110053 |
| 300 ## - PHYSICAL DESCRIPTION | |
| Extent | viii,160p. |
| Dimensions | 22cm(Hb) |
| 500 ## - GENERAL NOTE | |
| General note | Includes bibliographical references and lndex |
| 942 ## - ADDED ENTRY ELEMENTS (KOHA) | |
| Source of classification or shelving scheme | Dewey Decimal Classification |
| Item type | English Books |
| Call number suffix | SIN |
| Classification part | 371.334 |
| Withdrawn status | Lost status | Not for loan | Collection code | Home library | Current library | Date acquired | Source of acquisition | Cost, normal purchase price | Full call number | Barcode | Copy number | Cost, replacement price | Koha item type |
|---|---|---|---|---|---|---|---|---|---|---|---|---|---|
| Not For Loan | Non-fiction | D.B.Act.Division | D.B.Act.Division | 06/12/2013 | DBAD/PUB | 495.00 | 371.334 SIN | EN-92277 | 1 | 495.00 | English Books |
